[Event "Standard chess tournament 21/12/2013"]
[Site "SchemingMind.com"]
[Date "2013.12.26"]
[Round "-"]
[White "Ebanon "]
[Black "Glenn O'Brien"]
[Result "1-0"]
[WhiteCountry "ESP"]
[BlackCountry "AUS"]
[WhiteElo "2354"]
[WhiteRD "65"]
[BlackElo "2015"]
[BlackRD "83"]
[GameID "344367"]

1. e4 e5 2. Nf3 Nc6 3. Bc4 Nf6 4. Ng5 d5 5. exd5 Na5 6. Bb5+ c6 7. dxc6 bxc6 8. Bd3 Nd5 9. Nf3 Bd6 10. O-O O-O
11. Re1 Bg4 12. h3 Bh5 13. Bf5 Qf6 14. Be4 Rae8 15. d3 Qd8 16. Bf5 Nb7 17. Nbd2 Bc7 18. Nc4 f6 19. a3 Re7 20. Bd2 a6
21. Qe2 g6 22. Bg4 Bxg4 23. hxg4 g5 24. Be3 Qb8 25. Nfd2 h6 26. Ne4 Re6 27. Qf3 Rfe8 28. b4 Qd8 29. Qh3 Kh7 30. Ng3 Rg8
31. Nf5 Rg6 32. Nd2 a5 33. Ne4 axb4 34. axb4 Nxb4 35. Reb1 Nxc2 36. Ra7 Nxe3 37. Rbxb7 Nd5 38. Nc3 Nf4 39. Rxc7+
1-0

[Event "Standard chess tournament 21/12/2013"]
[Site "SchemingMind.com"]
[Date "2013.12.26"]
[Round "-"]
[White "Glenn O'Brien"]
[Black "Ebanon "]
[Result "1-0"]
[WhiteCountry "AUS"]
[BlackCountry "ESP"]
[WhiteElo "2051"]
[WhiteRD "89"]
[BlackElo "2388"]
[BlackRD "65"]
[GameID "344368"]

1. e4 c5 2. Nf3 d6 3. d4 cxd4 4. Nxd4 Nf6 5. Nc3 a6 6. Bg5 e6 7. f4 Qb6 8. Qd2 Qxb2 9. Rb1 Qa3 10. f5 Nc6
11. fxe6 fxe6 12. Nxc6 bxc6 13. e5 dxe5 14. Bxf6 gxf6 15. Ne4 Qxa2 16. Rd1 Bd7 17. Qxd7#
1-0

[Event "Standard chess tournament 21/12/2013"]
[Site "SchemingMind.com"]
[Date "2014.01.18"]
[Round "-"]
[White "GBEDARD"]
[Black "Glenn O'Brien"]
[Result "1-0"]
[WhiteCountry "USA"]
[BlackCountry "AUS"]
[WhiteElo "2069"]
[WhiteRD "69"]
[BlackElo "1990"]
[BlackRD "77"]
[GameID "345803"]

1. e4 e5 2. Nf3 Nc6 3. Bb5 a6 4. Ba4 Nf6 5. O-O Be7 6. Re1 b5 7. Bb3 O-O 8. c3 d6 9. h3 Na5 10. Bc2 c5
11. d4 Qc7 12. Nbd2 cxd4 13. cxd4 Nc6 14. Nb3 a5 15. Be3 a4 16. Nbd2 Bd7 17. Rc1 Qb7 18. Nf1 Rfe8 19. Ng3 Bd8 20. Qe2 h6
21. dxe5 dxe5 22. Red1 Be7 23. Nf5 Bxf5 24. exf5 Rad8 25. a3 Kh7 26. Bb1 e4 27. Nd4 Nxd4 28. Bxd4 Kg8 29. Ba2 Rd6 30. Be5 Rxd1+
31. Qxd1 Rc8 32. b4 Ne8 33. Rxc8 Qxc8 34. Qd5 Qxf5 35. Qxb5 Nf6 36. Qb8+ Bf8 37. Bd6 Nd7 38. Qd8 Qf6 39. Qxf6 gxf6 40. Bc7 f5
41. Bd5 Bg7 42. Bc6 Ne5 43. Bxa4 Nc4 44. Bd7 e3 45. fxe3 Nxe3 46. Kf2 Nd5 47. Bd6 Nb6 48. Bb5 Bb2 49. a4 Nd5 50. Bc6 Nb6
51. Bc5 Nc4 52. a5 Be5 53. a6 Bb8 54. b5 Ne5 55. Kg1 f4 56. Bd5 Nd7 57. b6 Nxb6 58. Bxb6 Kg7 59. Kf2 Kf6 60. Bc6 Ke5
61. Kf3 Kd6 62. Bb5 Ke6 63. Bc4+ Kf5 64. Bb3 f6 65. Bd5 h5 66. Be4+ Ke6 67. Bg6 Ke7 68. a7 Bxa7 69. Bxa7 f5 70. Kxf4 Kf6
71. Bxh5 Ke6 72. Bf3 Kf6 73. Bd4+ Kf7 74. Kxf5
1-0

[Event "Standard chess tournament 21/12/2013"]
[Site "SchemingMind.com"]
[Date "2014.01.20"]
[Round "-"]
[White "GBEDARD"]
[Black "Ebanon "]
[Result "1/2-1/2"]
[WhiteCountry "USA"]
[BlackCountry "ESP"]
[WhiteElo "2112"]
[WhiteRD "80"]
[BlackElo "2354"]
[BlackRD "65"]
[GameID "345805"]

1. e4 c5 2. Nf3 d6 3. d4 cxd4 4. Nxd4 Nf6 5. Nc3 a6 6. Be3 e5 7. Nb3 Be6 8. f3 Be7 9. Qd2 O-O 10. O-O-O Nbd7
11. g4 b5 12. a3 Bxb3 13. cxb3 Nc5 14. Qc2 Ne6 15. h4 Qd7 16. Kb1 Rfc8 17. Qd2 Rab8 18. g5 Nh5 19. Ne2 b4 20. a4 g6
21. Bh3 Nhg7 22. Bg4 Rc7 23. Rc1 Rxc1+=
1/2-1/2

[Event "Standard chess tournament 21/12/2013"]
[Site "SchemingMind.com"]
[Date "2014.01.18"]
[Round "-"]
[White "Glenn O'Brien"]
[Black "GBEDARD"]
[Result "1/2-1/2"]
[WhiteCountry "AUS"]
[BlackCountry "USA"]
[WhiteElo "2045"]
[WhiteRD "85"]
[BlackElo "2091"]
[BlackRD "78"]
[GameID "345806"]

1. e4 d6 2. d4 Nf6 3. Nc3 g6 4. f4 Bg7 5. Nf3 O-O 6. Bd3 Na6 7. O-O c5 8. Bxa6 bxa6 9. dxc5 dxc5 10. e5 Ng4
11. Qd5 Bf5 12. Qxc5 Qd7 13. h3 Rfc8 14. Qd5 Nh6 15. g4 Bxg4 16. hxg4 Qxg4+ 17. Kf2 Qh3 18. Rg1 Rab8 19. Qd3 Rd8 20. Qxa6 Ng4+
21. Ke2 Nh2 22. Nxh2 Qxh2+ 23. Kf1 Rxb2 24. Bxb2 Qxf4+ 25. Kg2 Qg4+ 26. Kf2 Qf4+ 27. Ke1 Qd2+ 28. Kf1 Qf4+ 29. Kg2 Qg4+ 30. Kf1 Qf4+
31. Ke1= Qd2+ 32. Kf1 Qf4+ 33. Kg2
1/2-1/2

[Event "Standard chess tournament 21/12/2013"]
[Site "SchemingMind.com"]
[Date "2014.01.20"]
[Round "-"]
[White "Ebanon "]
[Black "GBEDARD"]
[Result "0-1"]
[WhiteCountry "ESP"]
[BlackCountry "USA"]
[WhiteElo "2354"]
[WhiteRD "65"]
[BlackElo "2112"]
[BlackRD "80"]
[GameID "345808"]

1. e4 d6 2. d4 Nf6 3. Nc3 g6 4. f4 Bg7 5. Nf3 O-O 6. Bd3 Nc6 7. O-O e5 8. fxe5 dxe5 9. d5 Nd4 10. Nxe5 Nxe4
11. Nxe4 Bxe5 12. c3 Nf5 13. Qf3 Kg7 14. g4 Nd6 15. Bf4 Bxf4 16. Qxf4 Nxe4 17. Qxe4 Qg5 18. Rf4 h5 19. h4 Qxh4 20. gxh5 Qg3+
21. Kh1 Qh3+ 22. Kg1 Bf5 23. Qe5+ f6 24. Qe7+ Rf7
0-1

[Event "Standard chess tournament 21/12/2013"]
[Site "SchemingMind.com"]
[Date "2014.01.18"]
[Round "-"]
[White "Brian Pott"]
[Black "Glenn O'Brien"]
[Result "1-0"]
[WhiteCountry "AUS"]
[BlackCountry "AUS"]
[WhiteElo "2181"]
[WhiteRD "86"]
[BlackElo "1990"]
[BlackRD "77"]
[GameID "345842"]

1. e4 e5 2. Nf3 Nc6 3. Bc4 Nf6 4. d3 Bc5 5. c3 d6 6. O-O O-O 7. Bb3 a6 8. Nbd2 Ba7 9. h3 h6 10. Re1 Nh5
11. Nf1 Qf6 12. Be3 Nf4 13. Kh2 Be6 14. d4 Bxb3 15. axb3 Ne7 16. g3 Ne6 17. dxe5 dxe5 18. Bxa7 Rxa7 19. Qe2 Rd8 20. Rad1 Raa8
21. Ne3 Ng5 22. Nxg5 hxg5 23. b4 Qe6 24. Rxd8+ Rxd8 25. b5 axb5 26. Qxb5 b6 27. Rd1 Rxd1 28. Qe8+ Kh7 29. Nxd1 Ng8 30. Qxe6 fxe6
31. Kg2 Nf6 32. f3 c5 33. Ne3 b5 34. Nc2 Ne8 35. b3 Kh6 36. Ne3 Nf6 37. Ng4+ Nxg4 38. fxg4 Kh7 39. h4 gxh4 40. gxh4 g5
41. Kh3 Kg6 42. hxg5 Kxg5 43. Kg3 c4 44. b4 Kg6 45. Kh4 Kh6 46. g5+ Kg6 47. Kg4 Kf7 48. Kh5 Kg7 49. g6 Kg8 50. Kh4 Kf8
51. Kg4 Kg8 52. Kh5 Kg7 53. Kg5
1-0

[Event "Standard chess tournament 21/12/2013"]
[Site "SchemingMind.com"]
[Date "2014.01.18"]
[Round "-"]
[White "Brian Pott"]
[Black "GBEDARD"]
[Result "1-0"]
[WhiteCountry "AUS"]
[BlackCountry "USA"]
[WhiteElo "2150"]
[WhiteRD "94"]
[BlackElo "2091"]
[BlackRD "78"]
[GameID "345843"]

1. e4 d6 2. d4 Nf6 3. Nc3 g6 4. f4 Bg7 5. Nf3 Rg8 6. Be2 Nc6 7. O-O d5 8. e5 Ne4 9. Qd3 Bf5 10. Qb5 Rb8
11. Nxd5 a6 12. Qb3 b5 13. Nb4 Nxb4 14. Qxb4 h5 15. a4 c6 16. axb5 axb5 17. Bd3 Rc8 18. Re1 Nf6 19. exf6 Bxf6 20. Bxf5 gxf5
21. Ra7 e6 22. Ne5 Be7 23. Qd2 Qb6 24. Ra1 c5 25. d5 c4+ 26. Kh1 Qb7 27. dxe6 fxe6 28. Qe2 Kf8 29. Be3 Ra8 30. Rad1 Rg7
31. Rd7 Qe4 32. Qf2 Re8 33. Bc5 Qa8 34. Red1 Qxg2+ 35. Qxg2 Rxg2 36. Rxe7
1-0

[Event "Standard chess tournament 21/12/2013"]
[Site "SchemingMind.com"]
[Date "2014.01.20"]
[Round "-"]
[White "Brian Pott"]
[Black "Ebanon "]
[Result "0-1"]
[WhiteCountry "AUS"]
[BlackCountry "ESP"]
[WhiteElo "2165"]
[WhiteRD "79"]
[BlackElo "2350"]
[BlackRD "72"]
[GameID "345845"]

1. e4 c5 2. Nf3 d6 3. Bb5+ Nd7 4. d4 Nf6 5. O-O a6 6. Bxd7+ Nxd7 7. Nc3 cxd4 8. Nxd4 e6 9. Be3 Be7 10. Qd2 O-O
11. h3 Qc7 12. a4 b6 13. Bg5 Nf6 14. Ra3 Bb7 15. Rb3 Rfc8 16. Rd1 Rab8 17. Re1 Qd8 18. Qe2 h6 19. Bh4 Qc7 20. Nf3 Qc6
21. Bg3 Rd8 22. Bh4 g5 23. Nxg5 hxg5 24. Bxg5 Kf8 25. Qf3 Ng8 26. h4 Bxg5 27. hxg5 Kg7 28. Qh5 d5 29. exd5 exd5 30. Ne2 Re8
31. Rh3 d4 32. Qh7+ Kf8 33. Rf3 Qe6 34. Rf4 Re7 35. Rxd4 Rbe8 36. Qd3 Qc6 37. Rg4 Rd7 38. Qa3+ Qd6 39. Qxd6+ Rxd6 40. Kf1 Be4
41. Nc3 Bxc2 42. Rxe8+ Kxe8 43. f3 Ne7 44. Ke2 Nd5 45. Nxd5 Rxd5 46. Kf2 a5 47. Rc4 Rc5
0-1

[Event "Standard chess tournament 21/12/2013"]
[Site "SchemingMind.com"]
[Date "2014.01.19"]
[Round "-"]
[White "Glenn O'Brien"]
[Black "Brian Pott"]
[Result "0-1"]
[WhiteCountry "AUS"]
[BlackCountry "AUS"]
[WhiteElo "2015"]
[WhiteRD "83"]
[BlackElo "2186"]
[BlackRD "92"]
[GameID "345846"]

1. e4 e5 2. Nf3 Nc6 3. Bb5 a6 4. Ba4 Nf6 5. O-O Be7 6. Re1 b5 7. Bb3 d6 8. c3 O-O 9. h3 Na5 10. Bc2 c5
11. d4 Qc7 12. Nbd2 cxd4 13. cxd4 Nc6 14. Nb3 a5 15. Be3 a4 16. Nbd2 Bd7 17. Rc1 Qb7 18. Qe2 Rfe8 19. Bd3 Rab8 20. dxe5 Nxe5
21. Nxe5 dxe5 22. Bc5 Bc6 23. Nf3 Nd7 24. Bxe7 Rxe7 25. Qd2 Ree8 26. a3 Rbd8 27. Qb4 h6 28. Kh2 Rc8 29. Red1 Nf6 30. Rc5 Bxe4
31. Rxc8 Rxc8 32. Nxe5 Bxd3 33. Rxd3 Re8 34. f4 Rc8 35. Rc3 Rxc3 36. bxc3 Qe4 37. Qd4 Qxd4 38. cxd4 Nd5 39. Nf3 b4 40. axb4 a3
41. Nd2 Nxb4 42. Nb3 f5 43. Na1 Kf7 44. g4 Ke6 45. Kg3 Kd5 46. gxf5 Kxd4 47. Kh4 Kc3
0-1

[Event "Standard chess tournament 21/12/2013"]
[Site "SchemingMind.com"]
[Date "2014.01.19"]
[Round "-"]
[White "GBEDARD"]
[Black "Brian Pott"]
[Result "1/2-1/2"]
[WhiteCountry "USA"]
[BlackCountry "AUS"]
[WhiteElo "2069"]
[WhiteRD "69"]
[BlackElo "2181"]
[BlackRD "86"]
[GameID "345847"]

1. e4 e5 2. Nf3 Nc6 3. Bb5 a6 4. Ba4 Nf6 5. O-O Be7 6. Re1 b5 7. Bb3 d6 8. h3 O-O 9. c3 Na5 10. Bc2 c5
11. d4 Qc7 12. Nbd2 cxd4 13. cxd4 Nc6 14. Nb3 a5 15. Be3 a4 16. Nbd2 Bd7 17. Rc1 Qb7 18. Nf1 Rfe8 19. Ng3 Bd8 20. Bd3 Ba5
21. Re2 h6 22. dxe5 Nxe5 23. Nxe5 dxe5 24. Rec2 Rad8 25. Qe2 Bb6 26. Bc5 b4 27. Nf5 Bxf5 28. exf5 b3 29. Ba6 Qb8 30. Bxb6 bxc2
31. Bxd8 Qxb2 32. Qxc2 Qxc2 33. Rxc2 Rxd8 34. Bb5 Rd1+ 35. Kh2 Rd4 36. Rc8+ Kh7 37. Rc5 e4 38. Bc4 Nd7 39. Rc7 Ne5 40. Bxf7 Nxf7
41. Rxf7 Rd2 42. Kg3 Rxa2 43. Re7 a3 44. f6 Kg8 45. Rxg7+ Kf8 46. Ra7 Kg8 47. Re7 Re2 48. h4 a2 49. Rg7+ Kf8 50. Ra7 h5
51. f3 e3 52. Kf4 Rxg2 53. Kxe3 Rh2 54. f4 Rxh4 55. Rxa2 Kf7 56. Ra6 Rh3+ 57. Ke4 Rb3 58. Ra5 Kxf6=
1/2-1/2

[Event "Standard chess tournament 21/12/2013"]
[Site "SchemingMind.com"]
[Date "2014.01.20"]
[Round "-"]
[White "Ebanon "]
[Black "Brian Pott"]
[Result "1-0"]
[WhiteCountry "ESP"]
[BlackCountry "AUS"]
[WhiteElo "2428"]
[WhiteRD "69"]
[BlackElo "2198"]
[BlackRD "74"]
[GameID "345849"]

1. e4 e5 2. Nf3 Nc6 3. Bc4 Bc5 4. b4 Bxb4 5. c3 Be7 6. d4 Na5 7. Be2 d6 8. Qa4+ c6 9. dxe5 dxe5 10. Nxe5 Nf6
11. O-O b5 12. Qc2 O-O 13. Bf4 Be6 14. Rd1 Qb6 15. Nd2 Rad8 16. h3 Bc5 17. Nd3 Bc4 18. Nxc4 Nxc4 19. Nxc5 Qxc5 20. Bxc4 Qxc4
21. Bd6 Rfe8 22. Rd4 Qe6 23. e5 Nd5 24. c4 Ne7 25. Re4 Nf5 26. Bc5 a6 27. a4 h5 28. Rae1 Rd7 29. Qe2 g6 30. Rc1 Rb7
31. Qd3 Rd7 32. Qf1 Rb7 33. Qe2 Rc8 34. Rd1 Rd7 35. Bd6 Re8 36. c5 Ne7 37. Rd3 Nd5 38. Rg3 Kh7 39. Rf3 Ra7 40. Qb2 Kg8
41. Kh2 Kg7 42. Qc1 b4 43. Rh4 Rb7 44. Qc4 a5 45. Qe2 Nc3 46. Qa6 Qc8 47. Qd3 Nd5 48. Qd2 Rh8 49. Qe2 Ra7 50. e6 Qxe6
51. Re4 Qc8 52. Be5+ f6 53. Bxf6+ Nxf6 54. Re7+ Rxe7 55. Qxe7+ Kh6 56. Rxf6 Re8 57. Qf7 Rg8 58. Rd6 Rg7 59. Qf6 Qc7 60. f4 Qe7
61. Qd4 Qf8 62. Qe5 Kh7 63. Rxc6 Rf7 64. Qe4 Rg7 65. Re6 b3 66. Re5 Kh6 67. f5 gxf5 68. Qf4+
1-0

[Event "Standard chess tournament 21/12/2013"]
[Site "SchemingMind.com"]
[Date "2014.02.22"]
[Round "-"]
[White "Glenn O'Brien"]
[Black "Selwyn"]
[Result "0-1"]
[WhiteCountry "AUS"]
[BlackCountry "AUS"]
[WhiteElo "1990"]
[WhiteRD "77"]
[BlackElo "2383"]
[BlackRD "66"]
[GameID "348354"]

1. e4 Nf6 2. e5 Nd5 3. d4 d6 4. Nf3 dxe5 5. Nxe5 g6 6. Bc4 c6 7. O-O Bg7 8. Re1 O-O 9. Bb3 Be6 10. Nd2 Nd7
11. Ndf3 a5 12. c3 Nxe5 13. dxe5 Bg4 14. a3 e6 15. h3 Bxf3 16. Qxf3 Qc7 17. Qe2 h6 18. c4 Ne7 19. Bc2 Rfd8 20. f4 Qb6+
21. Be3 Qxb2 22. Rab1 Qxa3 23. Rxb7 a4 24. Bc1 Qc3 25. Rxe7 Qb4 26. Ba3 Qxa3 27. Rc7 Qc3 28. Bb1 a3 29. Rxc6 a2 30. Bxa2 Rxa2
31. Qe3 Rd3 32. Rc8+ Kh7 33. Qe4 Rxh3 34. Ra8 Rxa8 35. gxh3 Qg3+
0-1

[Event "Standard chess tournament 21/12/2013"]
[Site "SchemingMind.com"]
[Date "2014.02.22"]
[Round "-"]
[White "Selwyn"]
[Black "Glenn O'Brien"]
[Result "1-0"]
[WhiteCountry "AUS"]
[BlackCountry "AUS"]
[WhiteElo "2365"]
[WhiteRD "67"]
[BlackElo "2015"]
[BlackRD "83"]
[GameID "348355"]

1. d4 Nf6 2. c4 e6 3. Nc3 Bb4 4. e3 O-O 5. Nf3 c5 6. Bd3 d5 7. O-O Nc6 8. a3 Bxc3 9. bxc3 Qc7 10. cxd5 exd5
11. h3 c4 12. Bc2 Ne7 13. a4 Bf5 14. Ba3 Rfe8 15. Bxe7 Bxc2 16. Qxc2 Rxe7 17. Rfb1 Ne4 18. a5 Rae8 19. Rb5 Qc6 20. Rab1 f6
21. Nd2 Nxd2 22. Qxd2 Rc8 23. e4 dxe4 24. d5 Qd6 25. Qd4 Re5 26. Rxb7 Qxd5 27. Qxa7 Kf8 28. Rxg7 Ra8 29. Qc7 Rc8 30. Rb8 Rxb8
31. Rxh7 Rb7 32. Rh8+ Qg8 33. Qd8+
1-0

[Event "Standard chess tournament 21/12/2013"]
[Site "SchemingMind.com"]
[Date "2014.02.25"]
[Round "-"]
[White "Selwyn"]
[Black "GBEDARD"]
[Result "1-0"]
[WhiteCountry "AUS"]
[BlackCountry "USA"]
[WhiteElo "2383"]
[WhiteRD "66"]
[BlackElo "2069"]
[BlackRD "69"]
[GameID "348357"]

1. d4 Nf6 2. c4 e6 3. Nc3 c5 4. d5 exd5 5. cxd5 d6 6. e4 g6 7. f4 Bg7 8. Bb5+ Nfd7 9. a4 Qa5 10. Bd2 Qb4
11. Qc2 Qa5 12. Bd3 Na6 13. Nb5 Nb4 14. Nxd6+ Ke7 15. Nxc8+ Rhxc8 16. Qb3 Nxd3+ 17. Qxd3 Qb6 18. e5 c4 19. Qc3 Nc5 20. Qxc4 Qxb2
21. Rd1 Nd7 22. Qe4 Rc2 23. Nf3 Nc5 24. Bb4 Rc8 25. O-O Ke8 26. Bxc5 Rxg2+ 27. Kh1 Rxc5 28. d6 Bf8 29. Rb1 Re2 30. Rxb2 Rxe4
31. Ng5 Rd4 32. Rxb7 h6 33. Nf3 Rxa4 34. d7+ Kd8 35. Rd1 Be7 36. Rb8+ Kc7 37. Rc8+ Kb6 38. Rb1+ Rb5 39. Rb8+ Kc6 40. R1xb5 Kxd7
41. R5b7+ Kc6 42. Rxe7 Rxf4 43. Rc8+ Kd5 44. Rd7+ Ke4 45. Kg2 Rxf3 46. Rc4+
1-0